000 00517nam a2200169 i 4500
001 44441
003 ES-MaACL
005 20230906161030.0
007 t|
008 030321s1873 fr ||||1| fre d
100 1 _aClément, Félix.
_939179
245 1 4 _aLes musiciens célèbres
_b: depuis le seizième siècle jusqu'à nos jours /
_cpar Félix Clement.
260 _aParís :
_bHachette et Cie,
_c1873.
300 _aXI, 660 p., 47 lám.
650 0 4 _aMúsicos-
_vBiografías.
_915425
852 _aES-MaACL
_jG-6260
999 _c44441
_d44441